000 00559nam a2200217 a 4500
001 BRCA_4317
005 20190320204626.0
008 250610s1952----enka######---#000-0#eng-#
041 _aeng
044 _aenk
050 4 _aN8670
_b.E97 1952
245 1 0 _aEuropean Art-Prices Annuary 1950/1951.
260 _aLondres
_bArt & Technology
_c1952
300 _a267 p.
_bil., 48 láminas
_c22 cm.
500 _aCEF115
650 1 4 _aArte
_xPrecios
_910347
650 1 4 _aArte
_vCatálogos
_94925
650 1 4 _aArte europeo
_97849
902 _aGFM
942 _2lcc
_cB
999 _c4028
_d4028